| 000 | 01383cam a2200301 i 4500 | ||
|---|---|---|---|
| 003 | SA-RiAUC | ||
| 005 | 20250916124519.0 | ||
| 008 | 250913s1986 su g b 00010cara c | ||
| 040 |
_aSA-RiAUC _bara _cSA-RiAUC _erda |
||
| 050 | 0 | 4 | _b.F35 1986 |
| 082 | 0 | 4 |
_a242 _qSA-RiAUC |
| 090 |
_a242 _bف خ ر |
||
| 100 | 1 |
_aالفخر الرازي، محمد بن عمر بن الحسن، _d544-606 هجري _eمؤلف. |
|
| 245 | 1 | 0 |
_aعصمة الأنبياء / _cتأليف محمد بن عمر بن الحسن بن الحسين التيمي البكري فخر الدين الرازي. |
| 250 | _aالطبعة الأولى. | ||
| 264 | 1 |
_aجدة، السعودية : _bدار المطبوعات الحديثة، _c1986 |
|
| 300 |
_a104 صفحة ؛ _c24 سم |
||
| 336 |
_aنص _btxt _2rdacontent _3كتاب |
||
| 337 |
_aبدون وسيط _bn _2rdamedia |
||
| 338 |
_aمجلد _bnc _2rdacarrier |
||
| 500 | _aورد على صفحة العنوان والغلاف : الكتاب الذي يكشف الشبه التي ألصقها الجهلة والمنحرفون في أنبياء الله ورسله. | ||
| 504 | _aيشتمل على إرجاعات ببليوجرافية. | ||
| 650 | 7 |
_aعصمة الأنبياء _2aucsh |
|
| 650 | 7 |
_aالأنبياء _2aucsh |
|
| 650 | 7 |
_aالنبوات _2aucsh |
|
| 942 |
_2ddc _cBOOK _n0 |
||
| 949 |
_aSA-JeALM _d250913 _umohamedma123 _n1 |
||
| 999 |
_c11819 _d11819 |
||